| 000 | 00687nam a22002417a 4500 | ||
|---|---|---|---|
| 003 | BPGM | ||
| 005 | 20260701200706.0 | ||
| 008 | 260701b mx ||||| |||| 00| 0 spa d | ||
| 020 | _a970-35-1144-9 | ||
| 040 |
_aBPGM _bspa |
||
| 041 |
_aspa _hspa |
||
| 082 | 0 | 4 |
_a372.423 / _bB34 |
| 100 | _aPATERSON, KATHERINE | ||
| 245 |
_aABRIR O CERRAR MUNDOS LA ELECCIÓN DE UN CANON _bLO BELLO Y LO MEJOR |
||
| 300 |
_a52 páginas _c21 cm x 13.6 cm |
||
| 336 |
_2rdacontent _atexto _btxt |
||
| 337 |
_2rdamedia _asin mediación _bn |
||
| 338 |
_2rdacarrier _avolumen _bnc |
||
| 650 | _aCIENCIAS SOCIALES | ||
| 650 | _aEDUCACIÓN | ||
| 650 | _aEDUCACIÓN PRIMARIA | ||
| 942 |
_2ddc _cCOLQ |
||
| 999 |
_c68735 _d68735 |
||